1936 1229 1528 1770 1909 1790 1437 1168 1351 1085 1265 1621 1958 1879 1632 1843 1011 1527 1084 1878 1349 1523 1220 1497 1995 1770 1840 1742 1127 1946 1900 1327 1862 1451 1150 1939 1997 1285 1153 1789 1365 1407 1949 1001 1769 1835 1736 1579 1015 1543 1359 1666 1944 1573 1734 1244 1920 1304 1800 1945 1252 1235 1941 1586 1846 1122 1611 1560 1740 1651 1494 1573 1545 1281 1182 1912 1004 1423 1963 1902 1137 1012 1813 1302 1705 1026 1847 1612 1477 1737 1119 1094 1796 1069 1526 1567 1996 1412 1151 BCNSPRNW ULIB Ver.6.0+V

เปลี่ยนเป็นภาษาไทย

Change to English
 แสดงรายละเอียดบรรณานุกรม
  กลับหน้าหลัก

Brief Record : Get Marc (ISO 2709) : E-mail record : QR code < ปิดหน้าต่าง
LEADER : 00000nam 2200000uu 4500
001    13399121336
003     ULIB
008    020711s2549 th a 000 0 tha d
020    9749493303
090    นว^bม728ซ
100    เมลานี
245    ซานตาคลอสคือใคร?/^cเมลานี
250    พิมพ์ครั้งที่ 1
260    กรุงเทพฯ :^bธนบรรณปิ่นเกล้า,^c2549
945    ^p100^l0^i24788
999    ^aกัณชพร
รายการนี้ยังไม่มีแท็ก
คุณยังไม่ได้ล็อกอิน คุณสามารถมีกิจกรรมร่วมกับเว็บไซต์ได้ แต่ต้องล็อกอินก่อน ::
  ล็อกอิน

รายการสื่อสารสนเทศ

ลำดับที่ ประเภท เลขเรียก/บาร์โค้ด สถานที่ สถานะ
1. วิทยาศาสตร์การแพทย์ และสุขภาพ
วิทยาศาสตร์การแพทย์ และสุขภาพ
นว ม728ซ  
  Barcode: 24788
ห้องสมุดวิทยาเขตสวรรค์ประชารักษ์
►นวนิยาย
บนชั้น
  ขอยืม

BibComment


ยังไม่เคยถูกคอมเมนท์

คอมเมนท์ทรัพยากรรายการนี้
  คอมเมนท์: ซานตาคลอสคือใคร เ..


 Copyright 2026. Bcnsprnw @Library